000 006480000a22001930004500
020 _a0-7899-0196-X
041 0 _aSPA
082 0 4 _aG 253 A5451c
100 1 _aAnderson, Neil T. (1942-)
245 1 0 _aCómo ayudar a otros a encontrar libertad en Cristo : Manual de preparación y guía de estudio / Neil T. Anderson, Tom C. McGee
260 _aMiami, FL., USA : Unilit
300 _a211 Pag
500 _aTítulo original : Helping other find freedom in Christ: Training manual & study guide
001 6141
942 _cBK
999 _c36434
_d36434
336 _atexto
_btxt
_2rdacontent
337 _2rdamedia
_asin mediación
_bn
338 _2rdacarrier
_avolumen
_bnc